[Event "St Petersburg-ch"]
[Site "St Petersburg"]
[Date "1998.04.08"]
[Round "2"]
[White "Kochyev, Alexander"]
[Black "Lugovoi, Aleksei"]
[Result "0-1"]
[WhiteElo "2430"]
[BlackElo "2540"]
[Annotator "Lukacs,P"]
[PlyCount "54"]
[EventDate "1998.04.07"]
[EventType "tourn"]
[EventRounds "13"]
[EventCountry "RUS"]
[EventCategory "10"]
[SourceTitle "CBM 065"]
[Source "ChessBase"]
[SourceDate "1998.08.06"]
[SourceVersion "1"]
[SourceVersionDate "1998.08.06"]
[SourceQuality "1"]

1. d4 Nf6 2. Nf3 e6 3. Bg5 c5 4. e3 Qb6 5. Qc1 Ne4 {This Queen Pawn Opening
doesn't offer much for White from theoretical point of view. As a surprise
weapon it may serve well, because one should not learn much here.} 6. Bh4 (6.
Bf4 {The B stands better on f4, although in comparison to the 3.Bf4 lines the
extra Ne4 is not bad at all for Black.} Nc6 7. c3 d5 8. Bd3 (8. Nbd2 Nxd2 9.
Qxd2 Be7 10. Bd3 Bd7 11. O-O O-O 12. dxc5 Bxc5 13. e4 dxe4 14. Bxe4 Rfd8 15.
Qc2 h6 16. b4 Be7 17. Rfd1 Rac8 18. Qb3 Bf6 $11 {Alburt-Sosonko, Luzern ol.
1982}) 8... Bd7 9. O-O Be7 $11 (9... Rc8 $6 {is an unnecessary move, Black has
to finish quickly his development.} 10. Nbd2 f5 {This Stonewall setup helps
only for White, because >< e5 can be exploited outright.} 11. Ne5 $1 $14 (11.
Be5 $5 {is not so precise.} Nxe5 12. Nxe5 Nf6 13. Ndf3 Bd6 14. Nxd7 Nxd7 15. b3
O-O 16. Qc2 g6 17. Rad1 Qc7 $11 {Hort-Sosonko, Amsterdam 1979}))) 6... Nc6 7.
c3 d5 8. Nbd2 (8. Nfd2 $6 {is a sophisticated plan against all principles.} f5
9. Nxe4 fxe4 10. Bg3 Bd7 11. Be2 Be7 12. O-O O-O 13. f4 exf3 14. Bxf3 Bg5 $1
$15 {Quinteros-Ljubojevic, Las Palmas 1974}) (8. Bd3 Bd7 $142 $1 (8... Bd6 $143
{runs into a double-attack motif:} 9. Bxe4 dxe4 10. Nfd2 $1 f5 11. Nc4 Qc7 12.
Nba3 Be7 13. Nb5 Qd7 14. Bxe7 Kxe7 15. dxc5 Qd5 16. Nbd6 Qxc5 $13 {
Shirazi-Saidy, USA 1982}) 9. Nbd2 f5 10. Bg3 Be7 {/\ 0-0 =} (10... Nxg3 $6 {
To exchange the nice centralized N against the B is not consistent.} 11. hxg3
g6 12. g4 $1 Rc8 13. gxf5 gxf5 14. Be2 $14 {Lobron-Korchnoi, Biel 1984})) 8...
cxd4 (8... f5 {also comes into consideration.} 9. Be2 (9. Nxe4 $2 fxe4 10. Nd2
cxd4 11. exd4 {- 8...cxd4}) 9... Bd7 (9... Bd6 10. O-O O-O) 10. O-O Rc8 $13) 9.
exd4 f5 10. Nxe4 $2 {Now Black grabs the |^ in the [+].} (10. Bg3 Be7 11. Be2
O-O 12. Be5 $13) 10... fxe4 11. Nd2 Bd6 $1 $17 12. Nb3 (12. Be2 O-O 13. O-O Bf4
14. Bg3 (14. Qc2 e5 15. dxe5 Nxe5 {/\ Qh6} 16. Bg3 Bxg3 17. hxg3 e3 $17) 14...
e5 15. dxe5 Bxg3 16. hxg3 Nxe5 17. Nb3 Bg4 $1 18. Qd1 Bxe2 19. Qxe2 Qg6 20. Nd4
Rae8 21. Qb5 $6 Ng4 $1 22. f3 (22. Qxd5+ Kh8 23. f3 Ne3 24. Qxb7 Qxg3 25. Rf2
Ng4 $19) 22... Ne3 23. g4 a6 $5 (23... Nxf1 $19) 24. Qxb7 exf3 25. Rxf3 Rxf3
26. gxf3 Qd6 27. Ne2 {(Petrosian-F.Olafsson, Stockholm izt. 1962)} Nc2 $1 $19 {
This was a very nice classical typical game up to now, finally Olafsson went
down and lost.}) 12... a5 $1 {/\ a5-a4} 13. Be2 a4 14. Nd2 O-O (14... Bf4 $5)
15. Nf1 {Too slow} (15. O-O Bf4 {/\ e5}) 15... e5 16. Bg3 a3 $1 17. b3 {[#]}
Nxd4 $1 $19 {The final blow comes from the [+].} 18. cxd4 Bb4+ 19. Nd2 (19. Kd1
$2 Qxd4+ 20. Kc2 Bf5 $19) 19... Qxd4 {This is a nice example for the
importance of the [+].} 20. O-O (20. Rb1 {Petursson} e3 21. fxe3 Qxe3 22. Kd1
Bf5 23. Nf3 Rac8 $1 24. Qxe3 Bc2+ 25. Kc1 Bxb3+ $19) 20... Bxd2 21. Bxe5 Qxe5
22. Qxd2 Be6 23. Rad1 Rac8 24. Qa5 Rc2 25. Bc4 Rxa2 26. Bxd5 Bxd5 27. Rxd5 {[#]
} Raxf2 $1 0-1

[Event "FRA-ch"]
[Site "Meribel"]
[Date "1998.08.16"]
[Round "3"]
[White "Vaisser, Anatoli"]
[Black "Bauer, Christian"]
[Result "1/2-1/2"]
[WhiteElo "2575"]
[BlackElo "2490"]
[Annotator "Lukacs,P"]
[PlyCount "58"]
[EventDate "1998.08.14"]
[EventType "tourn"]
[EventRounds "15"]
[EventCountry "FRA"]
[EventCategory "10"]
[SourceTitle "CBM 067"]
[Source "ChessBase"]
[SourceDate "1998.11.30"]
[SourceVersion "2"]
[SourceVersionDate "1998.11.01"]
[SourceQuality "1"]

1. d4 {Avrukh,B} e6 2. Nf3 Nf6 3. Bg5 c5 4. e3 Qb6 $5 {Black wants to punish
White immediately because of his opening plan.} (4... Be7 $11 {is the simple
way for equalization.}) 5. Nbd2 d5 (5... Qxb2 {is consistant, but risky.} 6.
Bd3 d5 7. Bxf6 (7. c4 Qc3 $1 8. Bc2 (8. Ne5 $6 Nc6 9. Rc1 Qa3 10. Nxc6 bxc6 11.
Qc2 Rb8 12. Rb1 Rxb1+ 13. Qxb1 Be7 14. O-O cxd4 15. exd4 h6 16. Bxf6 Bxf6 17.
cxd5 cxd5 $17 {and White has no compensation for the sacrificed P,
Spssky-Miles, Tilburg 1978.}) (8. Be2 $6 Ne4 $1) 8... Nc6 9. Bxf6 gxf6 10. cxd5
exd5 11. dxc5 Bxc5 12. O-O Be6 13. Rc1 Qa3 14. Nb3 Bb6 15. Nbd4 {White has
compensation for the P, because of the bad P structure of Black.} Nxd4 16. Nxd4
Ke7 17. Bb3 Rad8 18. Rc3 Bxd4 19. Qxd4 Rc8 20. Rd3 Qc5 $11 {Benjamin-Browne,
Philadelphia 1993}) 7... gxf6 8. c4 Qc3 9. Be2 cxd4 (9... Nc6) 10. Rc1 Qa5 11.
cxd5 Na6 12. Nxd4 Qxd5 13. O-O Be7 14. Bf3 Qd7 15. Nc6 $1 O-O 16. Qe2 $44 {
Salov-de la Villa, Szirak 1987 izt}) 6. Bxf6 (6. Rb1 {looks too passive here.}
Nc6 7. c3 Bd6 8. Bd3 e5 9. dxe5 Nxe5 10. Nxe5 Bxe5 11. Nf3 Bg4 12. h3 Bxf3 13.
Qxf3 Rd8 14. O-O h6 $11 {Trifunovic-Kotov, Moscow 1949}) 6... gxf6 7. c4 (7.
Qb1 Nc6 8. c3 cxd4 9. Nxd4 e5 10. N4b3 Be6 11. a4 a6 12. a5 {(Taimanov-Gipslis,
SU 1980 )} Qc7 13. e4 O-O-O $13 {Taimanov}) 7... cxd4 8. exd4 Nc6 {Black
doesn't want to help White to finish development.} (8... dxc4 9. Bxc4 {seems
to be favourable for White at first sight.} Nc6 (9... Bg7 $2 10. O-O O-O 11.
Re1 Rd8 12. d5 $1 {destroying Black's P structure.} Na6 13. dxe6 fxe6 14. Qe2
Nc7 15. Nf1 Bd7 16. Ng3 Re8 17. Rad1 Bc6 18. Nd4 $18 {J.Piket-Karolyi,
Brussels op 1987}) 10. O-O Bd7 11. d5 exd5 12. Qe2+ Ne7 13. Bxd5 O-O-O 14. Bxf7
Ng6 15. Nc4 Qa6 16. Rfd1 Kb8 17. Bxg6 hxg6 18. Rxd7 Rxd7 19. Qe8+ Kc7 20. Ne3
Qc6 {1/2:1/2 Spassky-A.Zaitsev, SU-ch 1962}) 9. Bd3 {'N' Avrukh,B.} (9. Be2 $2
Nxd4 $17 (9... Nxd4 {Avrukh,B} 10. Nxd4 $6 (10. cxd5 $142 exd5 11. Nxd4 Qxd4
12. O-O $44) 10... Qxd4 {[%cal Gf8b4]} 11. O-O Bh6 12. cxd5 Qxd2 13. Bb5+ Kf8
14. d6 Rg8 15. d7 Bxd7 16. Bxd7 Rd8 17. Ba4 Qa5 $17 {0-1 Grillitsch,
K-Weinzettl,E/AUT BL 1989/TD 90\04 (27)})) (9. cxd5 exd5 {Now the doubled P
has to be compensated by the ^^.} 10. Bd3 Bg4 (10... Be6 11. O-O Bd6 12. Rc1
O-O-O 13. Qa4 Kb8 14. Nb3 $14 {Plachetka-Hardicsay, Stary Smokovec 1982} (14.
Nb3 Rhg8 15. Rfe1 Rg4 16. Qb5 Rdg8 17. g3 h5 18. Qxb6 axb6 {1/2-1/2 Plachetka,
J-Hardicsay,P/Stary Smokovec 1982/EXT 97 (51)} 19. Bb5 $14 {[%csl Rb6,Rb7,Rf6,
Rf7]})) 11. O-O O-O-O 12. Qa4 Kb8 13. Bb5 Ne7 14. Rac1 a6 15. Be2 {'?' Avrukh,
B.} (15. Bd3 $142) 15... Bh6 $13 {and the ^^ begins to work,
Keanthis-Popaioannou, Aegina op 1996.} (15... Bh6 {Avrukh,B} 16. Rc2 Rc8 17.
Rxc8+ Rxc8 $17 {0-1 Vafiadis,K-Papaioannou,I/Aegina 1996/EXT 96op2 (32)})) (9.
Rc1 {Avrukh,B} Nxd4 10. cxd5 Nxf3+ 11. Qxf3 Qxb2 12. Rb1 Qe5+ 13. Be2 exd5 14.
O-O Bd6 15. g3 Kf8 16. Rfe1 Be6 17. Bd3 $44 {[%csl Rf8] 1-0 Porrasmaa,
T-Ylisela,J/FIN-chT 1989/EXT 89ch2 (23)}) 9... dxc4 (9... Nxd4 $2 {leaves the
K in the middle, and White can open up the central lines against him:} 10. cxd5
Qxb2 (10... Nxf3+ 11. Qxf3 Qxb2 12. O-O (12. Rb1 Qe5+ 13. Kd1 $13 {[%cal Gh1e1]
}) 12... Qxd2 13. Bb5+ Bd7 (13... Ke7 $2 14. Rad1) 14. Bxd7+ Kxd7 15. dxe6+ $18
) (10... exd5 {Avrukh,B} 11. O-O $36 {[%csl Re8]}) 11. O-O $16) 10. Nxc4 Bb4+
11. Kf1 Qd8 12. h4 $5 (12. Be4 O-O (12... f5 13. Bxc6+ bxc6 14. Qa4 $16) 13. d5
$14) 12... Be7 (12... Nxd4 {Avrukh,B} 13. Nxd4 Qxd4 14. Qa4+ Bd7 15. Qxb4 Qxd3+
16. Kg1 Bc6 17. Nd6+ (17. Rh3 Qd5 18. Rg3 Rd8 $15) 17... Kd7 18. Nxb7 Qd5 19.
Nc5+ Kc8 20. Rh2 Rg8 21. g3 $13 {[%csl Rc8][%cal Gc6h1]}) 13. Ne3 $142 (13. Be4
{/\ d5} Nb4 {Black has to blockade the important d5 square.} 14. Rc1 (14. Qd2
f5 $13) (14. a3 Nd5 15. Ne3 (15. Qd2 f5 16. Bd3 Bf6 $13) 15... Nxe3+ 16. fxe3
f5 17. Bd3 O-O $13) 14... f5 15. Bb1 Nd5 $13) 13... Nb4 (13... Qb6 {Avrukh,B}
14. d5 $1) 14. Bc4 Qb6 (14... O-O 15. a3 Nc6 (15... Nd5 16. Bxd5 exd5 {Here
the Ns are better than the ^^.} 17. Qb3 (17. Qd3 $5 {/\ Nf5}) 17... Be6 18. g3
$16) 16. d5 Ne5 (16... Na5 17. Bd3 $16) 17. Nxe5 fxe5 18. dxe6 $16) 15. Qe2 (
15. a3 Nc6 16. b4 $14) 15... Bd7 16. a3 Nc6 17. d5 $1 {This is the typical
central breakthrough with an isolated P. '+/=!' Avrukh,B.} Na5 (17... Nd4 $6
18. Nxd4 Qxd4 19. Bb5 $16) 18. Bd3 {White has to keep the strong P on d5 for a
while.} (18. dxe6 $143 fxe6 $13 (18... fxe6 {Avrukh,B} 19. Rd1 $13)) 18... Rc8
19. Re1 {The big question is always: where to put the R ? As it is well-known,
the other square is correct!} (19. Rd1 $1 Nb3 (19... Ba4 20. b4 $1 {'|^'
Avrukh,B.} (20. Re1 $36 {Avrukh,B}) 20... Bxd1 21. Qxd1 $16) 20. dxe6 Bxe6 $1 (
20... fxe6 21. Nc4 Qc7 22. Nfe5 $1 fxe5 23. Nxe5 {'+-' Avrukh,B.} Rf8 24. Qh5+
Kd8 25. Bb5 $18) 21. Nf5 $16) (19. b4 $2 {Avrukh,B} Nb3 $17 {[%cal Gb3c1]})
19... Nb3 20. dxe6 fxe6 (20... Bxe6 $6 21. Nd5 $1) 21. Nc4 (21. Nd5 Qc5 22.
Nxe7 Kxe7 $1 $13 (22... Qxe7 23. Bc4 Nc5 24. b4 $18)) 21... Qc7 {[#]} 22. Nfe5
$6 {White has thought that it is time for the decisive sacrifice. However this
leads only for a draw.} (22. Bc2 $1 {still holds the edge:} Nc5 (22... Bb5 23.
Bxb3 Bxc4 24. Bxc4 Qxc4 25. Qxc4 Rxc4 26. Rxe6 $18) 23. b4 Na6 24. Bd3 $16) (
22. Rh3 $1 {Avrukh,B} b5 (22... e5 $2 23. Nfxe5 $1 fxe5 24. Nxe5 Bxh3 25. Qh5+
Kd8 26. Nf7+ Ke8 27. Nxh8+ $18) 23. Nfe5 $1 fxe5 24. Nxe5 Rf8 25. Nxd7 (25.
Qh5+ Kd8 26. Nf7+ Ke8 (26... Rxf7 27. Qxf7 $16) 27. Nd6+ Kd8 28. Nxc8 (28. Nf7+
$11) 28... Qf4 $1 $15) 25... Nd4 $8 26. Nxf8 $5 (26. Qh5+ $2 Kxd7 27. Bxb5+ Kd8
28. Rd1 Qc5 $19 (28... Qf4 $4 29. Rf3 $1 $18)) 26... Nxe2 27. Nxe6 Qe5 28. Re3
Qh2 29. Bxb5+ $5 (29. Kxe2 Qxg2 30. Nf4 Qg4+ 31. Kf1 Qxf4 32. Rxe7+ Kf8 $11)
29... Kf7 30. Kxe2 Rc2+ 31. Kd1 Rxf2 32. Bc4 $40) 22... fxe5 23. Nxe5 Rf8 24.
Rh3 {'??' Avrukh,B.} (24. Bxh7 Nd4) (24. Qh5+ Kd8 25. Nf7+ Ke8 $11 {and there
is no real discovered check.} (25... Rxf7 {Avrukh,B} 26. Qxf7 Qc5 $13 {[%cal
Gd8c7,Gc8f8]})) 24... Nd4 {'??' Avrukh,B.} (24... Bc5 $1 {Avrukh,B} 25. Qh5+
Kd8 26. Qg5+ (26. Nf7+ Ke7 27. Qg5+ Ke8 $3 $19) 26... Be7 27. Qh5 Nd2+ 28. Kg1
Be8 29. Qd1 Bc5 30. Re2 (30. Qxd2 Bxf2+ $17) 30... Bd6 $17) 25. Qh5+ {'='
Avrukh,B.} Kd8 26. Nf7+ Ke8 27. Ne5+ Kd8 28. Nf7+ Ke8 (28... Rxf7 $6 {Avrukh,B}
29. Qxf7 $36) 29. Ne5+ (29. Nd6+ {Avrukh,B} Kd8 30. Nxc8 $2 Bxc8 31. Bxh7 Qf4
32. f3 e5 33. Qxe5 Qxe5 34. Rxe5 Bxh3 35. Rd5+ Kc7 $19) 29... Kd8 1/2-1/2

[Event "Bundesliga 0203"]
[Site "Germany"]
[Date "2002.12.14"]
[Round "5.8"]
[White "Straeter, Timo"]
[Black "Heissler, Jakob"]
[Result "0-1"]
[WhiteElo "2329"]
[BlackElo "2455"]
[Annotator "Meyer,CD"]
[PlyCount "44"]
[EventDate "2002.10.19"]
[EventType "team-tourn"]
[EventRounds "15"]
[EventCountry "GER"]
[SourceTitle "CBM 093"]
[Source "ChessBase"]
[SourceDate "2003.04.01"]
[SourceVersion "1"]
[SourceVersionDate "2003.04.01"]
[SourceQuality "1"]
[WhiteTeam "Wattenscheid"]
[BlackTeam "Werder Bremen"]
[WhiteTeamCountry "GER"]
[BlackTeamCountry "GER"]

1. d4 Nf6 2. Nf3 g6 3. Bg5 Bg7 4. Nbd2 d5 5. e3 O-O 6. Be2 c5 7. c4 $6 {
Die Aufstellung mit Nd2 plus c2-c4 erscheint fragwürdig, im Gegensatz zum
üblichen, soliden c2-c3, z.B.:} (7. c3 cxd4 (7... Qb6 8. Qb3 Nc6 9. O-O Be6 10.
Qa3 {1/2-1/2 Malaniuk,V-Tseshkovsky,V/Krasnodar 2002/EXT 2003 (10)}) 8. exd4
Nc6 9. O-O a6 10. a4 Ne4 11. Bf4 h6 12. Nxe4 dxe4 13. Ne5 Nxe5 14. Bxe5 Bxe5
15. dxe5 Be6 16. Qc1 Qc7 17. Qf4 Rad8 18. Rfd1 Bb3 19. Rdc1 Be6 20. Qxe4 Rd2
21. b4 Rfd8 22. Qe3 Bc4 23. Bxc4 {1/2-1/2 Macieja-Socko/Dresden 0/CBM 90 (23)})
7... Ne4 $5 (7... cxd4 8. Nxd4 Nc6) 8. Bh4 Be6 $6 (8... cxd4 $142 9. Nxd4 Nc6)
9. Nxe4 $2 (9. O-O $142 $13 {/=} {/\} Nxd2 10. Qxd2 dxc4 11. Rfd1 $1) 9... dxe4
10. Ng5 cxd4 11. Nxe6 fxe6 {[#]} 12. exd4 $6 {Für die Sicherheit des weißen
Königs waren die folgenden Alternativen eher angetan:} (12. Bg4 Qd6 (12... Qd7
$2 13. exd4) 13. exd4 Qb4+ 14. Qd2 Qxc4 15. Qc3 (15. b3 Qd5 $17) 15... Qd5 $17)
(12. O-O d3 (12... Nc6 13. Bg4) 13. Bg4 Qd7 $17 14. Qb3 (14. Qd2 Nc6) 14... Na6
$17 {/\} 15. f3 Nc5 16. Qb4 Qc7 17. fxe4 Be5) 12... Qa5+ $5 ({Gegen das
schlichte} 12... Nc6 $142 {ist nichts einzuwenden:} 13. O-O (13. d5 Nd4) 13...
Nxd4 $17) 13. Kf1 $2 ({Erforderlich war} 13. Qd2 $8 {,und in dem Endspiel nach}
Qxd2+ 14. Kxd2 Bxd4 {erhält Schwarz zwar anhaltenden, aber vielleicht nicht
entscheidenden Vorteil, z.B.} 15. Raf1 (15. Bg4 Bxf2 (15... Kg7 16. Raf1 $5) (
15... Nc6 16. Bxe6+ Kg7 17. Rhf1 Rad8 18. Bd5 $5) 16. Bxe7 Re8 17. Bg5 Nc6 18.
Raf1 Bd4 19. b3 Kg7 20. a3 h6 21. Bh4 g5 22. Bg3 Rad8 $17) 15... Nc6 16. Bg4 (
16. Kc1 Rad8) 16... Kf7 $5 17. f3 (17. b3 Rad8) (17. Re1 Bf6) 17... e3+ 18. Ke2
Rad8 19. Bg5 Bxb2 20. Bxe3 Bd4 $17) 13... Nc6 $17 {/-+  [#] Nun zelebriert
Schwarz das "Spiel auf ein Tor".} 14. d5 Nd4 15. Bxe7 (15. dxe6 Qb6 16. Rc1
Rad8) 15... Rf7 16. d6 Nf5 $5 ({Der neuralgische Punkt f2 konnte mit} 16... Qc5
$1 {sofort angepeilt werden:} 17. f3 (17. Bh4 Nf5 $19) 17... Nf5 $19) 17. Bg5 (
17. Kg1 Bxb2 (17... Nxe7 18. dxe7 Re8 {(/\Qc5)} 19. Qd6 Rexe7 $17 {/-+}) 18.
Rb1 Bd4 $5 19. g4 Bxf2+ 20. Kxf2 Nxe7+ (20... Qc5+ $2 21. Ke1) 21. Kg2 Nc6 22.
Rf1 Raf8 23. Rxf7 Rxf7 $17 {/-+}) (17. Qe1 Qb6 18. c5 (18. Bg5 Raf8 $19) 18...
Qxc5 19. Rc1 Qb6 20. Bc4 Kh8 $1 21. Bg5 (21. Bxe6 Rxe7 22. Bxf5 Qxd6 $19) 21...
Nxd6 22. Be3 Bd4 23. Bxd4+ Qxd4 {/\Raf8-+}) 17... Qc5 $19 18. Qb3 (18. Qe1 Bd4
(18... Nxd6 19. Bh4 Nf5 20. Bg5 Bd4) 19. f3 (19. b4 Ng3+ 20. hxg3 Qxg5) 19...
Nxd6 (19... Raf8 20. b4 Qc6)) (18. Bf4 g5 (18... Be5) 19. Bh5 gxf4 20. Bxf7+
Kxf7) 18... Raf8 19. Bg4 (19. d7 Nd4 20. Qe3 Rxf2+) 19... Nd4 20. Qe3 Rxf2+ (
20... Qxc4+ 21. Kg1 (21. Be2 Rxf2+) 21... Nc2) 21. Kg1 Ne2+ 22. Bxe2 Bd4 0-1

[Event "Asia-ch 5th"]
[Site "Hyderabad"]
[Date "2005.10.15"]
[Round "9"]
[White "Annageldyev, Orazly"]
[Black "Konguvel, Ponnuswamy"]
[Result "1-0"]
[WhiteElo "2469"]
[BlackElo "2390"]
[Annotator "Mueller,Karsten"]
[PlyCount "187"]
[EventDate "2005.10.05"]
[EventType "swiss"]
[EventRounds "9"]
[EventCountry "IND"]
[SourceTitle "CBM 110"]
[Source "ChessBase"]
[SourceDate "2006.01.31"]
[SourceVersion "1"]
[SourceVersionDate "2006.01.31"]
[SourceQuality "1"]

1. d4 Nf6 2. Nf3 g6 3. Bg5 Bg7 4. Nbd2 O-O 5. c3 d5 6. e3 Nbd7 7. Be2 Re8 8.
O-O e5 9. b4 c6 10. h3 h6 11. Bh4 e4 12. Nh2 Nb6 13. a4 Be6 14. a5 Nc8 15. Ng4
g5 16. Nxf6+ Bxf6 17. Bg3 Ne7 18. b5 Nf5 19. Bh2 c5 20. dxc5 Bxc3 21. a6 b6 22.
Rc1 Bxd2 23. Qxd2 bxc5 24. Rxc5 d4 25. exd4 Qxd4 26. Qxd4 Nxd4 27. Re1 Rac8 28.
Bc7 Bd7 29. b6 axb6 30. Bxb6 Rb8 31. Rxg5+ hxg5 32. Bxd4 Rb4 33. Be3 Bb5 34. a7
Bxe2 35. Rxe2 Ra8 36. Ra2 f6 37. Ra6 Kf7 38. Kh2 Kg6 39. Kg3 Kf5 40. Ra5+ Kg6
41. Kg4 Rb7 42. Ra6 Rd7 43. Kg3 Kf5 44. Ra5+ Ke6 45. Kg4 Rh7 46. Bd4 Rh4+ 47.
Kg3 Rh7 48. Ra6+ Kd5 49. Bxf6 Raxa7 50. Rxa7 Rxa7 51. Bxg5 Ke5 52. Be3 Rg7+ 53.
Kh2 Rf7 54. h4 Kf5 55. Kh3 Kg6 56. Kg4 Rf5 57. g3 Rf3 58. h5+ Kh7 59. Kg5 Kg7
60. g4 Rh3 61. Kf5 Rh4 62. Bf4 Kh7 63. Bg3 Rh1 64. Kxe4 Ra1 65. g5 Rh1 66. h6
Kg6 67. f4 Ra1 68. Bf2 Ra4+ 69. Bd4 Ra5 70. Bc3 Ra4+ 71. Ke5 Ra7 72. Ke6 Ra6+
73. Kd5 Ra4 74. Be5 Ra7 75. Ke6 Ra6+ 76. Bd6 Ra7 77. Bc5 Ra6+ 78. Ke7 Ra5 79.
Bd4 Rf5 80. Be3 Ra5 81. h7 Kxh7 82. Kf6 Ra6+ 83. Kf7 Rc6 84. f5 Rc7+ 85. Ke6
Rc6+ 86. Ke7 Rc4 87. Kd6 Rg4 88. Ke5 Rg2 89. Kf6 Ra2 $4 {[%mdl 8192] Hier
steht der Turm äußerst unglücklich. Mit} (89... Kg8 {hätte Schwarz sich noch
behaupten können, z.B.} 90. g6 Rg4 91. Ke5 Kg7 92. Bd4 Rxg6 $11) 90. Kf7 Kh8
91. Bd4+ Kh7 92. g6+ Kh6 93. Be3+ Kh5 94. g7 1-0

[Event "Brussels"]
[Site "Brussels"]
[Date "1987.04.15"]
[Round "5"]
[White "Torre, Eugenio"]
[Black "Kasparov, Garry"]
[Result "1/2-1/2"]
[WhiteElo "2540"]
[BlackElo "2735"]
[Annotator "Nikitin,A"]
[PlyCount "58"]
[EventDate "1987.04.10"]
[EventType "tourn"]
[EventRounds "11"]
[EventCountry "BEL"]
[EventCategory "14"]
[SourceTitle "CBM 002"]
[Source "ChessBase"]
[SourceDate "1988.02.01"]
[SourceVersion "1"]
[SourceVersionDate "1988.02.01"]
[SourceQuality "1"]

1. d4 Nf6 2. Nf3 g6 3. c3 Bg7 4. Bg5 d5 5. Nbd2 Nbd7 6. b4 b6 7. e3 O-O (7...
Bb7 8. Qb1 $5) 8. b5 $6 Qe8 $1 9. Be2 e5 10. O-O Bb7 11. a4 Ne4 $1 (11... e4
12. Ne1 {[%cal Yc3c4,Yf2f3]}) 12. Rc1 (12. Nxe4 dxe4 13. Nd2 h6 14. Bh4 f5)
12... a6 $2 (12... Nxg5 13. Nxg5 Qe7 $1 14. Ngf3 e4 15. Ne1 f5 16. g3 g5 17.
Ng2 Bh6) 13. Bh4 $1 axb5 14. axb5 Ra7 (14... Ra3 15. Nxe4 dxe4 16. Nd2 f5 17.
Nc4 Ra7 (17... Ra2 18. Qb3 $1) 18. dxe5 Nxe5 19. Nxe5 Bxe5 20. Qb3+ Kh8 21. Ra1
) 15. Bg3 $1 Nxg3 16. hxg3 Qe7 17. Nxe5 Nxe5 18. dxe5 Bxe5 19. Nf3 Bd6 $11 20.
Ra1 Rfa8 21. Rxa7 Rxa7 22. Qc2 Ra5 23. Nd4 h5 (23... Qe8 24. Nb3 Ra3 25. Ra1
Rxa1+ 26. Nxa1 Qa8 27. Nb3 Qa4 28. Nd4 $11) 24. Bf3 Qe5 (24... h4 25. gxh4 Qxh4
26. g3 Qf6 27. Kg2 $14 {[%csl Rd5]}) 25. Be2 Ra3 26. Rc1 Ra8 27. Rd1 Ra3 28.
Rc1 Ra8 29. Rd1 Ra3 1/2-1/2